00937nam a22001817a 450000500170000000800410001704000120005804100080007004400070007810000320008524501370011726000960025430000220035052002780037265000180065065000550066865000320072320141216113417.0131216b2006 ck ||||| |||| 00| 0 spa d cCO-BoIH aspa ack aAguilar Garavito - Mauricio aIdentificacion de herramientas de manejo del paisaje con la comunidad de la Vereda Gacheta Alto Municipio de Guacheta - Cundinamarca aBogotabInstituto de Investigación de Recursos Biológicos Alexander von Humboldtc2006 a71 p.bil.c28 cm aLa identificación de las herramientas de manejo del paisaje con la comunidad, es un primer paso para la implementación de las mismas, dichas herramientas son parte integral de la estrategia de conservación y uso sostenible de la biodiversidad en los paisajes rurales. aBosque nativo aPaisaje rural zVereda Gacheta alto (Cundinamarca) aParticipación comunitaria